| 000 | 01643cam a22004334a 4500 | ||
|---|---|---|---|
| 001 | muse85216 | ||
| 003 | MdBmJHUP | ||
| 005 | 20210127151600.0 | ||
| 006 | m o d | ||
| 007 | cr||||||||nn|n | ||
| 008 | 050824s2000 mx o 00 0 spa d | ||
| 020 | _a9786075641393 | ||
| 020 | _z9681208293 | ||
| 020 | _z9789681208295 | ||
| 035 | _a(OCoLC)1151421351 | ||
| 040 |
_aMdBmJHUP _cMdBmJHUP |
||
| 245 | 0 | 0 |
_aSexualidades en México _balgunas aproximaciones desde la perspectiva de las ciencias sociales / _cIvonne Szasz, Susana Lerner compiladoras, con la colaboración de Lía Rojas Mira ; Ana Amuchastegui ... [etc.]. |
| 250 | _a1ª ed., reimp. | ||
| 264 | 1 | _bEl Colegio de Mexico, Centro de Estudios Demograficos y de Desarrollo, | |
| 264 | 3 | _bProject MUSE, | |
| 300 | _a1 online resource (305 p.) | ||
| 506 | 0 |
_aOpen Access _fUnrestricted online access _2star |
|
| 588 | _aDescription based on print version record. | ||
| 650 | 0 | 0 |
_aSexualidad (Mexico) _2tesbhaecid |
| 650 | 0 | 0 |
_aCongresos. _2tesbhaecid |
| 650 | 0 | 0 | _aSexualidad (Mexico) |
| 650 | 0 | 0 | _aCongresos. |
| 655 | 7 |
_aElectronic books. _2local |
|
| 700 | 1 | _aLerner, Susana. | |
| 700 | 1 | _aSzaszdi, Adam. | |
| 710 | 2 |
_aEl Colegio de Mexico. _bCentro de Estudios Demograficos y de Desarrollo Urbano. |
|
| 710 | 2 |
_aProject Muse. _edistributor |
|
| 830 | 0 | _aBook collections on Project MUSE. | |
| 856 | 4 | 0 |
_zFull text available: _uhttps://muse.jhu.edu/book/74294/ |
| 999 |
_c26293 _d26293 |
||